Essentials of physics; a text for students of science and engineering

Kaydedildi:
Detaylı Bibliyografya
Yazar: Borowitz, Sidney
Diğer Yazarlar: Beiser, Arthur
Materyal Türü: Kitap
Dil:English
Baskı/Yayın Bilgisi: Reading, Mass., Addison-Wesley Pub. Co. 1966
Seri Bilgileri:Addison-Wesley series in physics
Konular:
Etiketler: Etiketle
Etiket eklenmemiş, İlk siz ekleyin!

MARC

LEADER 00000nam a2200000Ia 4500
003 000631
005 20221231143958.0
008 140114s1966 maua 000 ||eng d
040 |c cru CEDI 
082 |a  530 B736e 
100 |a Borowitz, Sidney  |9 19854 
245 |a Essentials of physics; a text for students of science and engineering  
260 |a Reading, Mass., Addison-Wesley Pub. Co.   |c 1966 
300 |a xii,708 páginas : ilustraciones 
440 |a Addison-Wesley series in physics  |9 19855 
650 |x FISICA  |9 19856 
700 |9 19853  |a Beiser, Arthur 
942 |2 ddc  |c BK 
999 |c 15099  |d 15099